书目信息 |
| 题名: |
计算机操作系统
|
|
| 作者: | 任爱华 主编 | |
| 分册: | ||
| 出版信息: | 北京 科学出版社 1999.02 |
|
| 页数: | 233页 | |
| 开本: | 16开 | |
| 丛书名: | ||
| 单 册: | ||
| 中图分类: | TP316 | |
| 科图分类: | ||
| 主题词: | 软件 | |
| 电子资源: | ||
| ISBN: | 7-03-006818-1 | |
| 000 | 00538nam0 2200193 45 | |
| 001 | 0009041541 | |
| 005 | 20000904154320.7 | |
| 010 | @a7-03-006818-1@d21.00元 | |
| 100 | @a20000904d1999 km y0chiy0120 ea | |
| 101 | 0 | @achi |
| 105 | @a z 000yy | |
| 200 | 1 | @a计算机操作系统@AJi Suan Ji Cao Zuo Xi Tong@f任爱华主编@FRen Ai Hua Zhu Bian |
| 210 | @a北京@c科学出版社@d1999.02 | |
| 215 | @a233页@d16开 | |
| 606 | 0 | @a软件 |
| 690 | @aTP316@v3 | |
| 701 | 0 | @a任爱华@4主编 |
| 801 | @aCN@bPftUser@c20000904 | |
| 905 | @b119160-164@dTP316@eR312@f5 | |
| 计算机操作系统/任爱华主编.-北京:科学出版社,1999.02 |
| 233页;16开 |
| ISBN 7-03-006818-1:21.00元 |
| ● |
| 相关链接 |
|
|
|
正题名:计算机操作系统
索取号:TP316/R312
 
预约/预借
| 序号 | 登录号 | 条形码 | 馆藏地/架位号 | 状态 | 备注 |
| 1 | 119164 | 201191646 | 期刊室512/301自科库 51排3列3层/ [索取号:TP316/R312] | 在馆 |